Whales / (Record no. 4476)

MARC details
000 -LEADER
fixed length control field 00984nam a22002897a 4500
001 - CONTROL NUMBER
control field 4476
003 - CONTROL NUMBER IDENTIFIER
control field FISKH
005 - DATE AND TIME OF LATEST TRANSACTION
control field 20240911161454.0
008 - FIXED-LENGTH DATA ELEMENTS--GENERAL INFORMATION
fixed length control field 240911b cb ||||| |||| 00| 0 eng d
020 ## - INTERNATIONAL STANDARD BOOK NUMBER
International Standard Book Number 9780545351683
040 ## - CATALOGING SOURCE
Original cataloging agency FISKH
Language of cataloging eng
Transcribing agency FISKH
Modifying agency FISKH
050 ## - LIBRARY OF CONGRESS CALL NUMBER
Classification number QL737.C4
082 ## - DEWEY DECIMAL CLASSIFICATION NUMBER
Classification number 599.5
100 ## - MAIN ENTRY--PERSONAL NAME
Personal name Berger, Melvin
Relator term author
245 ## - TITLE STATEMENT
Title Whales /
Statement of responsibility, etc. by Melvin and Gilda Berger
250 ## - EDITION STATEMENT
Edition statement First printing , May 2013
260 ## - PUBLICATION, DISTRIBUTION, ETC.
Place of publication, distribution, etc. New York :
Name of publisher, distributor, etc. Scholastic ;
Date of publication, distribution, etc. 2013 .
300 ## - PHYSICAL DESCRIPTION
Extent 16 pages :
Other physical details color illustrations ;
Dimensions 24 cm .
490 ## - SERIES STATEMENT
Series statement Discovering My World
505 ## - FORMATTED CONTENTS NOTE
Formatted contents note G <br/>
520 ## - SUMMARY, ETC.
Summary, etc. Describes the biological makeup and behavior of some twenty whale species, including killer whales, blue whales, dolphins, and porpoises, and discusses their relationship to man and their threat of extinction.
521 8# - TARGET AUDIENCE NOTE
Target audience note 350 <br/>
Source Lexile <br/>
521 8# - TARGET AUDIENCE NOTE
Target audience note G <br/>
Source Raz-Plus <br/>
650 ## - SUBJECT ADDED ENTRY--TOPICAL TERM
Topical term or geographic name entry element ocean life
Form subdivision non-fiction
942 ## - ADDED ENTRY ELEMENTS (KOHA)
Source of classification or shelving scheme Dewey Decimal Classification
Koha item type Books
Suppress in OPAC No
Holdings
Withdrawn status Lost status Source of classification or shelving scheme Damaged status Not for loan Collection Home library Current library Shelving location Date acquired Total Checkouts Full call number Barcode Date last seen Price effective from Koha item type
    Dewey Decimal Classification     Non-Fiction Footprints International School Library Network Toul Kork Campus Footprints International School Library Network Toul Kork Campus   09/11/2024   BER 599.5 QL737.C4 FIS05691 09/11/2024 09/11/2024 Books